Taffelin tuotteet - Statistics

Yleistilastot
  • Tätä visaa on pelattu 49 kertaa
  • Keskiarvotulos 9 / 66
Vastaustilastot
Tuote Vastaus % Oikein
Sipsi Ranch
82%
Dippi American Dippi
66%
Sipsi Broadway (Sourcream & Onion)
61%
Snack Raffel
48%
Snack Hearts (Nacho Cheese)
45%
Sipsi Sips
41%
Sipsi Grills
39%
Snack Hot Rod
39%
Dippi Ranch Dippi
36%
Snack Juusto Snacks
32%
Sipsi Bravo (Sourcream & Sweet Chili)
30%
Dippi Sweet Chili Dippi
30%
Snack Nacho Cheese Balls
27%
Dippi 3 sipulia Dippi
25%
Dippi Valkosipuli Dippi
25%
Dippi Broadway Dippi (Sourcream & Onion)
20%
Snack Jumbojuusto (Bacon & Cheddar)
18%
Pähkinä Chili Nuts
16%
Sipsi Furious (Sourcream, Chili, Jalapeno & Cheese)
14%
Pähkinä Suolapähkinät
14%
Dippi Taco Dippi
14%
Pähkinä Broadway Nuts (Sourcream & Onion)
11%
Snack Fire Balls
11%
Pähkinä Ranch Nuts
11%
Dippi Barbecue Dippi
9%
Dippi Hot Chili Dippi
9%
Snack Krunts (American Sourcream)
9%
Snack Snack Fries (BBQ flavor)
9%
Sipsi Broadway Less Fat (Sourcream & Onion)
7%
Dippi Furious Dippi (Sourcream, Chili, Jalapeno & Cheese)
7%
Pähkinä Grills Nuts
7%
Pähkinä Honey Nuts
7%
Sipsi Kartanon Tilli & Kermaviili
7%
Sipsi Waffel Sourcream & Black Pepper
7%
Sipsi Kartanon Original
5%
Popcorn Popcorn Cheese
5%
Sipsi San Diego (Spicy Tomato)
5%
Snack Suolatikku
5%
Sipsi Sweet Paprika
5%
Snack Zuusto (Vegaaninen Snack)
5%
Pähkinä Chili & Cheese Nuts
2%
Dippi Chili-Mango Dippi
2%
Sipsi Chips Classic
2%
Dippi Creamy Pepper Dippi
2%
Sipsi Kartanon Valkosipuli & Kermaviili
2%
Linssisipsi Linssips Bravo (Sourcream & Sweet Chili)
2%
Linssisipsi Linssips Sourcream & Onion
2%
Popcorn Popcorn Original
2%
Popcorn Popcorn Voinmaku
2%
Snack Pretzels
2%
Sipsi Taf-Mex BBQ
2%
Sipsi Waffel Cheddar & Onion
2%
Sipsi Crispy Gold Creme Fraiche
0%
Sipsi Crispy Gold Seasalt
0%
Sipsi Grills Classic
0%
Sipsi Kartanon Merisuola & Balsamico
0%
Linssisipsi Kartanon Paahdettu Linssilastu Kermaviili & Sipuli
0%
Linssisipsi Linssips Salsa
0%
Pähkinä Paahdettu Cashew (Merisuola)
0%
Pähkinä Paahdettu Pistaasi (Suola)
0%
Snack Party Snacks
0%
Popcorn Popcorn Seasalt
0%
Snack Roust Creamy Garlic
0%
Snack Roust Ranch & Sourcream
0%
Snack Roust Tasty Onion & Sourcream
0%
Pähkinä Salt & Vinegar Nuts
0%
Ehtoja vastaavia visoja ei löytynyt
Tulosjakauma
Jokaisen tuloksen saaneiden osuus
Persentiili vastausten määrän mukaan
Tuloshistoriasi
Et ole pelannut tätä visaa